|
|
|
|
| LEADER |
00000nab a2200000 a 4500 |
| 001 |
vtls000909874 |
| 003 |
SK-MaSNL |
| 005 |
20260305042902.0 |
| 008 |
040720e20020629xo 0 slo |
| 035 |
|
|
|a KE18801
|
| 040 |
|
|
|a KEVKJB
|b slo
|c KEVKJB
|e AACR2
|
| 041 |
0 |
|
|a slo
|
| 044 |
|
|
|a xo
|c SK
|
| 080 |
|
|
|a 334.722
|2 1981
|
| 080 |
|
|
|a 929
|2 1981
|
| 100 |
0 |
|
|a (bk)
|4 aut
|9 882058
|
| 245 |
1 |
0 |
|a Včera ráno zomrel vo viedenskej nemocnici Alexander Rezeš
|
| 300 |
|
|
|b 2 obr.
|
| 590 |
|
|
|a Rezeš, Alexander 1948-2002
|b podnikateľ, minister dopravy, spojov, prezident klubu
|
| 600 |
1 |
7 |
|a Rezeš, Alexander
|d 1948-2002
|2 KEVKJB
|9 96272
|
| 650 |
0 |
7 |
|a podnikateľstvo
|2 KEVKJB
|9 887015
|
| 650 |
0 |
7 |
|a úmrtie
|2 KEVKJB
|9 3886
|
| 650 |
0 |
7 |
|a ohlasy
|2 KEVKJB
|9 494783
|
| 650 |
0 |
7 |
|a strany tematické
|2 KEVKJB
|9 878554
|
| 651 |
|
7 |
|a Košice (Slovensko)
|2 KEVKJB
|9 18694
|
| 651 |
|
7 |
|a KE,
|2 KEVKJB
|9 877256
|
| 655 |
|
7 |
|a periodikum
|2 snkbucl
|9 29553
|
| 773 |
0 |
8 |
|t Košický denník Korzár
|g Roč. 5, č.150, 29.6.2002, s. 3
|x 1335-4566
|
| 852 |
|
|
|a ZVYKNI
|b KIS3GCP
|
| 999 |
|
|
|c 3351553
|d 3353483
|